000 00939nam a22002777a 4500
005 20110426143055.0
008 110426t xxu||||| |||| 00| 0 eng d
010 _aENG-102311
020 _a9788182830974
_c150.00
035 _aEN-85844
037 _bDBAD/PUB
040 _adpl
_bEng
082 _a651.7
100 _927456
_aAgarwal, Malti
245 _aKrishna's business communication for 1st semester BBA, CCS University , Meerut /
_cby Malti Agarwal
260 _aMeerut
_bKrishna Prakashan Media
_c2010
270 _a11, Shivaji Road
_bMeerut
_e250001
_minfo@krishnaprakashan.com
300 _axvi, 320 p.
_c23cm (pbk)
610 _927464
650 _927465
651 _927466
700 _927451
710 _927453
942 _2ddc
_cEN
_h651.7
_mAGA
999 _c51905
_d51905